The complete short stories of Mark Twain / (Record no. 1946)

MARC details
000 -LEADER
fixed length control field 02369cam a2200205 4500
001 - CONTROL NUMBER
control field 2427
005 - DATE AND TIME OF LATEST TRANSACTION
control field 20181127165123.0
008 - FIXED-LENGTH DATA ELEMENTS--GENERAL INFORMATION
fixed length control field 841023s1985 nyua 000 1 eng
010 ## - LIBRARY OF CONGRESS CONTROL NUMBER
LC control number 84024720
020 ## - INTERNATIONAL STANDARD BOOK NUMBER
International Standard Book Number 0553211951450
Terms of availability
100 1# - MAIN ENTRY--PERSONAL NAME
Personal name Twain, Mark,
Dates associated with a name 1835-1910.
240 10 - UNIFORM TITLE
Uniform title Short stories
245 14 - TITLE STATEMENT
Title The complete short stories of Mark Twain /
Statement of responsibility, etc. edited with an introduction by Charles Neider.
260 ## - PUBLICATION, DISTRIBUTION, ETC.
Place of publication, distribution, etc. Garden City, N.Y. :
Name of publisher, distributor, etc. Doubleday,
Date of publication, distribution, etc. c1985.
300 ## - PHYSICAL DESCRIPTION
Extent xxii, 679 p. :
Other physical details ill. ;
Dimensions 22 cm.
505 ## - FORMATTED CONTENTS NOTE
Formatted contents note CONTENTS: Introduction -- The notorious jumping frog of Calaveras County -- The story of the bad little boy -- Cannibalism in the cars -- A day at Niagara -- Legend of the Capitoline Venus -- Journalism in Tennessee -- A curious dream -- The facts in the great beef contract -- How I edited an agricultural paper -- A medieval romance -- My watch -- Political economy -- Science vs. luck -- The story of the good little boy -- Buck Fanshaw's funeral -- The story of the old ram -- Tom Quartz -- A trial -- The trials of Simon Erickson -- A true story -- Experience of the McWilliamses with membranous. croup -- Some learned fables for good old boys and girls -- The canvasser's tale -- The loves of Alonzo Fitz Clarence and Rosannah Ethelton -- Edward Mills and George Benton: a tale -- The men who put up at Gadsby's -- Mrs. McWilliams and the lightning -- What stumped the bluejays -- A curious experience -- The invalid's story -- The McWilliamses and the burglar alarm -- The stolen white elephant -- A burning brand -- A dying man's confession - - The professor's yarn -- A ghost story -- Luck -- Playing courier -- The Californian's tale -- The diary of Adam and Eve -- The Esquimau maiden's.romance -- Is he living or is he dead? -- The $1,000,000 bank-note -- Cecil Rhodes and the shark -- The joke that made Ed's fortune -- A story without end -- The man that corrupted Hadleyburg -- The death disk -- Two little tales -- The belated Russian passport -- A double- barreled detective story -- Was it heaven? or hell? -- A dog's tale -- Hunting the deceitful turkey -- Extract from Captain Stormfield's visit to heaven -- A fable -- The mysterious stranger.
Miscellaneous information
Statement of responsibility
Title
650 #0 - SUBJECT ADDED ENTRY--TOPICAL TERM
Topical term or geographic name entry element Humorous stories, American.
651 #0 - SUBJECT ADDED ENTRY--GEOGRAPHIC NAME
Geographic name United States
General subdivision Social life and customs
Chronological subdivision 19th century
General subdivision Fiction.
700 1# - ADDED ENTRY--PERSONAL NAME
Personal name Neider, Charles,
Dates associated with a name 1915-
Holdings
Withdrawn status Lost status Source of classification or shelving scheme Damaged status Not for loan Collection code Home library Current library Shelving location Serial Enumeration / chronology Inventory number Total Checkouts Total Renewals Full call number Barcode Date last seen Date last checked out Price effective from Koha item type
    Dewey Decimal Classification     Main TEST RTC Library RTC Library Main opac 750 1 4 813.4 TWA 30001588 01/07/2020 27/02/2020 27/11/2018 Main
Royal Thimphu College || All Right Reserved